Home Print Resources E-Books E-Journals IIMT Lecture Series Library Membership Form Book Recommendation Form Campus Tour Take AdmissionAbout Us Contact Us

Looh Purush Balalb Bhai Patel (Record no. 28162)

000 -LEADER
fixed length control field 00246nam a2200097Ia 4500
008 - FIXED-LENGTH DATA ELEMENTS--GENERAL INFORMATION
fixed length control field 170620s9999 xx 000 0 und d
100 ## - MAIN ENTRY--PERSONAL NAME
Personal name Chauhan- Lal Bahadur Singh
245 #0 - TITLE STATEMENT
Title Looh Purush Balalb Bhai Patel
260 ## - PUBLICATION, DISTRIBUTION, ETC.
Name of publisher, distributor, etc. Agra; Rakhi Prakashan
260 ## - PUBLICATION, DISTRIBUTION, ETC.
Date of publication, distribution, etc. 2003
300 ## - PHYSICAL DESCRIPTION
Extent 34
Holdings
Withdrawn status Lost status Source of classification or shelving scheme Damaged status Not for loan Home library Current library Date acquired Source of acquisition Total Checkouts Barcode Date last seen Price effective from Koha item type
          IIMT University College of Education-BTC IIMT University College of Education-BTC 07/01/2017 34   16-B-1635 07/01/2017 07/01/2017 Text-Book- for 7 days
          IIMT University College of Education-BTC IIMT University College of Education-BTC 07/01/2017 34   16-B-1636 07/01/2017 07/01/2017 Text-Book- for 7 days
          IIMT University College of Education-BTC IIMT University College of Education-BTC 07/01/2017 34   16-B-1637 07/01/2017 07/01/2017 Text-Book- for 7 days
IIMT, Central Library. All Rights Reserved IIMT,UNIVERSITY © 2023
Implemented and Customised by I CLOUDE EMS
You Are OPAC Visitor No
free web counter

Powered by Koha